<?xml version="1.0" encoding="UTF-8"?>
<record
    xmlns:xsi="http://www.w3.org/2001/XMLSchema-instance"
    xsi:schemaLocation="http://www.loc.gov/MARC21/slim http://www.loc.gov/standards/marcxml/schema/MARC21slim.xsd"
    xmlns="http://www.loc.gov/MARC21/slim">

  <leader>02050nam a22002297a 4500</leader>
  <controlfield tag="005">20221022101813.0</controlfield>
  <controlfield tag="008">221021b           ||||| |||| 00| 0 eng d</controlfield>
  <datafield tag="020" ind1=" " ind2=" ">
    <subfield code="a">9789355967244</subfield>
  </datafield>
  <datafield tag="040" ind1=" " ind2=" ">
    <subfield code="c">AL</subfield>
  </datafield>
  <datafield tag="041" ind1=" " ind2=" ">
    <subfield code="a">English</subfield>
  </datafield>
  <datafield tag="082" ind1=" " ind2=" ">
    <subfield code="2">23</subfield>
    <subfield code="a">070.4</subfield>
    <subfield code="b">SINL</subfield>
  </datafield>
  <datafield tag="100" ind1=" " ind2=" ">
    <subfield code="a">Vibha Singh</subfield>
    <subfield code="9">60133</subfield>
  </datafield>
  <datafield tag="245" ind1=" " ind2=" ">
    <subfield code="a">Learning the art of Investigative Journalism</subfield>
  </datafield>
  <datafield tag="260" ind1=" " ind2=" ">
    <subfield code="a">Mumbai</subfield>
    <subfield code="b">Himalaya Publishing House Pvt.Ltd</subfield>
    <subfield code="c">2022</subfield>
  </datafield>
  <datafield tag="300" ind1=" " ind2=" ">
    <subfield code="a">153 p.</subfield>
    <subfield code="b">PB</subfield>
    <subfield code="c">24x18 cm.</subfield>
  </datafield>
  <datafield tag="365" ind1=" " ind2=" ">
    <subfield code="a">4825</subfield>
    <subfield code="b">&#x20B9;192.00</subfield>
    <subfield code="c">&#x20B9;</subfield>
    <subfield code="d">&#x20B9;240.00</subfield>
    <subfield code="e">20%</subfield>
    <subfield code="f">13-10-2022</subfield>
  </datafield>
  <datafield tag="520" ind1=" " ind2=" ">
    <subfield code="a">Although I hope that this book will have wide appeal, at present, this is written with Journalism students in mind. The aim of the book is to provide introduction of Investigative and Crime Journalism.
This book will also help the students of other disciplines other than media studies for whom some background knowledge of investigative journalism is needed.
The book will provide answers to the questions:
- What do you think is the difference between investigative journalism and other types of journalism?
- How data journalism plays a vital role in enabling reporters to interrogate information and find patterns in the data indicating systemic wrongdoing?
A handbook for students, journalist, academician, civic right activist, citizen journalist and lawyers.
Contents -
Unit &#x2013; I : Careers and Opportunities in Investigative Journalism
1: Introduction to Investigative Journalism
2: Understand the Legal System
Unit &#x2013; II: Data Collection
3: Data Collection and Source
Unit &#x2013; III: Designing the Story
4: How to Begin the Story?
Unit &#x2013; IV: Data Protection and Security
5: Data Protection and Security
6: How do you Pitch and Create Engagement for your Story?
Unit &#x2013; V: Final Story
7: Generation of the Story
8: Investigative Journalism in India &#x2013; Case Studies
Appendices
Glossary
Internal Projects
Multiple Choice Questions (MCQs)
Model Questions Paper</subfield>
  </datafield>
  <datafield tag="650" ind1=" " ind2=" ">
    <subfield code="a">Journalism</subfield>
    <subfield code="9">60084</subfield>
  </datafield>
  <datafield tag="650" ind1=" " ind2=" ">
    <subfield code="a">Digital sources</subfield>
    <subfield code="9">60085</subfield>
  </datafield>
  <datafield tag="700" ind1=" " ind2=" ">
    <subfield code="a">SINGH (Vibha)</subfield>
    <subfield code="9">60086</subfield>
  </datafield>
  <datafield tag="942" ind1=" " ind2=" ">
    <subfield code="2">ddc</subfield>
    <subfield code="c">BK</subfield>
  </datafield>
  <datafield tag="999" ind1=" " ind2=" ">
    <subfield code="c">224898</subfield>
    <subfield code="d">224898</subfield>
  </datafield>
  <datafield tag="952" ind1=" " ind2=" ">
    <subfield code="0">0</subfield>
    <subfield code="1">0</subfield>
    <subfield code="2">ddc</subfield>
    <subfield code="4">0</subfield>
    <subfield code="7">0</subfield>
    <subfield code="8">JR</subfield>
    <subfield code="a">AL</subfield>
    <subfield code="b">AL</subfield>
    <subfield code="d">2022-10-20</subfield>
    <subfield code="e">Biblios Book Point Surathkal,Mangalore 575014</subfield>
    <subfield code="g">192.00</subfield>
    <subfield code="l">0</subfield>
    <subfield code="o">070.4 SINL</subfield>
    <subfield code="p">076135</subfield>
    <subfield code="r">2022-10-21 00:00:00</subfield>
    <subfield code="v">240.00</subfield>
    <subfield code="w">2022-10-21</subfield>
    <subfield code="y">BK</subfield>
  </datafield>
  <datafield tag="952" ind1=" " ind2=" ">
    <subfield code="0">0</subfield>
    <subfield code="1">0</subfield>
    <subfield code="2">ddc</subfield>
    <subfield code="4">0</subfield>
    <subfield code="7">0</subfield>
    <subfield code="8">JR</subfield>
    <subfield code="a">AL</subfield>
    <subfield code="b">AL</subfield>
    <subfield code="d">2022-10-20</subfield>
    <subfield code="e">Biblios Book Point Surathkal,Mangalore 575014</subfield>
    <subfield code="g">192.00</subfield>
    <subfield code="l">0</subfield>
    <subfield code="o">070.4 SINL</subfield>
    <subfield code="p">076136</subfield>
    <subfield code="r">2022-10-21 00:00:00</subfield>
    <subfield code="v">240.00</subfield>
    <subfield code="w">2022-10-21</subfield>
    <subfield code="y">BK</subfield>
  </datafield>
</record>
